Nové poznatky v dozornej činnosti a bezpečnosti pri práci Zborník prednášok. 10.-11.4.1990

Uložené v:
Podrobná bibliografia
Médium: Kniha
Jazyk:Slovak
Vydavateľské údaje: Žilina Dom techn. ČSVTS 1990
Vydanie:1. vyd.
Tagy: Pridať tag
Žiadne tagy, Buďte prvý, kto otaguje tento záznam!

MARC

LEADER 00000nam a2200000 4500
001 c027142
005 20221215071009.8
041 0 |a slo 
044 |a SK 
245 1 0 |a Nové poznatky v dozornej činnosti a bezpečnosti pri práci  |b Zborník prednášok. 10.-11.4.1990 
250 |a 1. vyd. 
264 1 |a Žilina  |b Dom techn. ČSVTS  |c 1990 
300 |a 118 s.